000 00528nmm a2200169Ia 4500
008 251105s9999||||xx |||||||||||||||||und||
020 _a9788499401935
041 _aspa
100 _aFuenmayor Rivera, Jesús
245 0 _aOrigen de la cordura y la locura. Psicoanálisis del inconsciente
264 _a[Madrid, España] :
_bBiblioteca Nueva,
_c2011
300 _a320 páginas
490 _aNuevos temas de psicoanálisis
650 _aPsychology
856 _uhttps://public.digitaliapublishing.com/a/14874
942 _cCF
999 _c92619
_d92619